01231 a2200313 45000010006000000050017000060080041000230030015000640400040000790800091001192450083002100200018002932640033003113000019003445050196003630410008005591000022005677000021005897000024006107000033006347000020006677000022006877000024007097000020007337000020007537000019007737000026007928560099008184577620260407155729.0260407a1992 arg spa dAR-UNSa-BCEJYS aAR-UNSa-BCEJYSbspacAR-UNSa-BCEJYS a338.124xRetroceso de la actividad económica. Contracción económica (Pobreza...)10aCuesta abajoplos nuevos pobres: efectos de la crisis en la sociedad argentina a950-03-8346-2 1aBuenos Aires :bUNICEFc1992 a300 p.c20 cm. a1. Transformaciones en la estructura social Argentina - 2. El Estado ante la crisis o la crisis del Estado - 3. Conductas para amortiguar la caída - 4. La conceptualización de la pobreza. aspa1 aBeccaria, Luis A.1 aMinujin, Alberto1 aBustelo, Eduardo S.1 aFeijoó, María del Carmen1 aFeldman, Silvio1 aGershanik, Alicia1 aGonzález, Horacio1 aHalperin, Jorge1 aKarol, Jorge L.1 aMurmis, Miguel1 aTenti Fanfani, Emilio41uhttps://www.biblioeco.unsa.edu.ar/pmb/images/libros/L127180.jpgyImagen de portadaqimage/jpeg